| 000 | 01000nam a22003137a 4500 | ||
|---|---|---|---|
| 003 | CHAP | ||
| 005 | 20220817044446.0 | ||
| 008 | 110719s1967 es a r 00010 spa d | ||
| 010 | _a101550 | ||
| 011 | _a102522 | ||
| 035 | _a113211 | ||
| 040 | _cCHAP | ||
| 082 | 0 | 4 |
_a331 _bK82 |
| 100 | 0 | 0 |
_aKuczynski, Jurgen. _964027 |
| 245 | 1 | 0 |
_aEvolución de la clase obrera _c/por Jürgen Kuczynski |
| 260 |
_aMadrid : _bGuadarrama, _c1967 |
||
| 300 |
_a254 p. : _bilus., tablas |
||
| 490 | 0 |
_aBiblioteca para el hombre actual _v; 21 |
|
| 534 |
_pTít. original : _tDas entstehen des arbeitsklassen |
||
| 590 |
_aBATCH-UPD _b10 _c20130110 _lUCH01 _h0926 |
||
| 590 |
_aCONVERSION _b10 _c20130109 _lUCH01 _h1356 |
||
| 650 | 1 | 4 |
_aClases sociales. _923673 |
| 650 | 1 | 4 |
_aIndustria _xHistoria. _957742 |
| 650 | 1 | 4 | _aTrabajo y trabajadores. |
| 830 | 0 |
_aBiblioteca para el hombre actual _v; 21 _912456 |
|
| 901 | _aBK | ||
| 942 | _cLIBRO | ||
| 949 |
_a331 K82 _bBC _cLIBRO _d33724002249040 _eLIBRO _h115266 _i113211 _sb |
||
| 999 |
_c101550 _d101550 |
||